Les plus grands stades de football du Royaume-Uni - Statistiques

Statistiques générales
  • Ce quiz a été pris 72 fois
  • Le résultat moyen est 8 sur 20
Statistiques - réponses
Capacité Stade % Correct
90,000 Wembley Stadium
92%
74,310 Old Trafford
87%
60,260 Emirates Stadium
84%
61,015 Anfield
79%
41,841 Stamford Bridge
73%
53,400 Etihad Stadium
68%
52,404 St James' Park
48%
42,573 Villa Park
45%
62,850 Tottenham Hotspur Stadium
42%
62,500 London Stadium
37%
40,394 Goodison Park
34%
60,411 Celtic Park
21%
48,339 Stadium of Light
11%
51,866 Hampden Park
10%
50,817 Ibrox Stadium
10%
37,890 Elland Road
6%
39,732 Hillsborough Stadium
5%
33,597 Pride Park Stadium
5%
33,280 Cardiff City Stadium
3%
34,742 Riverside Stadium
3%
Aucun quiz correspondant
Distribution des résultats
% des personnes avec chaque résultat
Percentile par nombre de réponses
Votre historique - résultats
Vous n’avez pas pris ce quiz